|
|
|
|
| LEADER |
01123ncm a22002772a 4500 |
| 001 |
000212428 |
| 003 |
CZ BrMZK |
| 005 |
20140515140147.0 |
| 007 |
qu |
| 008 |
960101s1945 xr f cze d |
| 040 |
|
|
|a BOA001
|b cze
|
| 072 |
|
7 |
|a 784
|x Vokální hudba
|2 Konspekt
|9 9
|
| 100 |
1 |
|
|a Jary, Michael,
|d 1906-1988
|7 jx20090522018
|4 cmp
|
| 245 |
1 |
0 |
|a "Nemluvme o lásce"
|h [hudebnina] /
|c hudba: Michael Jary ; texty: Bruno Balz a Jan Fifka
|
| 260 |
|
|
|a Praha :
|b Eng. Hruby,
|c [1945?]
|
| 300 |
|
|
|a 1 partitura (5 s.)
|
| 500 |
|
|
|a Nad názvem: Písně z filmu: "Ein Mann mit Grundsätzen"
|
| 505 |
0 |
0 |
|t Zanech mi zde srdce své --
|t Haló, slečno!
|
| 700 |
1 |
|
|a Balz, Bruno,
|d 1902-1988
|7 jx20090522002
|4 lyr
|
| 700 |
1 |
|
|a Fifka, Jan,
|d 1889-1970
|7 jx20090522015
|4 lyr
|
| 740 |
0 |
2 |
|a Písně z filmu: "Ein Mann mit Grundsätzen"
|
| 910 |
|
|
|a BOA001
|b Mus4-0181.081
|b Mus4-0179.752
|
| 990 |
|
|
|a MU
|
| 991 |
|
|
|b 201309
|
| 996 |
7 |
|
|b 2619658598
|c Mus4-0179.752
|l MZK
|r Sklad / do 1 hodiny
|n 0
|w 000212428
|u 000020
|a 1
|e BOA001
|j MZK50
|s A
|
| 996 |
7 |
|
|b 2619918810
|c Mus4-0181.081
|l MZK
|r Sklad / do 1 hodiny
|n 1
|w 000212428
|u 000010
|a 1
|e BOA001
|j MZK50
|s A
|